El Bertí : flaixos d'una cinglera / flaixos d'una cinglera /
ISBN:
9788460654421
Descripción Física:
178 pàgines : il·lustracions, plànols ; 21 x 24 cm
Materias:
Bertí, Cingles de (Catalunya) -- Descripcions i viatges
; Bertí, Cingles de (Catalunya) -- Llibres de làmines
Idioma:
Catalán
MARC
| LEADER | 00000cam a2200000 a 4500 | ||
|---|---|---|---|
| 001 | 26304 | ||
| 005 | 20260324181131.0 | ||
| 008 | 150609s2015 spcab|| |||| 0|0 0 cat| | ||
| 017 | |a DL B 4165-2015 |a DL B 10166-2018 |b Biblioteca de Catalunya | ||
| 020 | |a 9788460654421 | ||
| 043 | |a e-sp--- |b e-spcvr |2 catmarc | ||
| 080 | |a Bib-831 | ||
| 100 | 1 | |a Cano Sánchez, Jesús, |d 1973- |9 53969 |e autor | |
| 245 | 1 | 3 | |a El Bertí : |b flaixos d'una cinglera / |c fotografies i textos: Jesús Cano Sánchez |
| 250 | |a 2a edició | ||
| 260 | |a [Barcelona] : |b l'autor, |c maig de 2015 | ||
| 300 | |a 178 pàgines : |b il·lustracions, plànols ; |c 21 x 24 cm | ||
| 504 | |a Bibliografia: p. 175-176 | ||
| 651 | 0 | |a Bertí, Cingles de (Catalunya) |x Descripcions i viatges |2 lemac |9 53970 | |
| 651 | 0 | |a Bertí, Cingles de (Catalunya) |v Llibres de làmines |2 lemac |9 53971 | |
| 908 | |a BC | ||
| 940 | |a BC | ||
| 942 | |2 udc |c ARXIU |n 1 | ||
| 952 | |0 0 |1 0 |4 0 |6 BIB831 |7 1 |9 62841 |a Arxiu |b Arxiu |d 2022-07-21 |l 0 |o Bib-831 |p 26304 |r 2022-07-21 00:00:00 |w 2022-07-21 |y ARXIU | ||
| 999 | |c 82313 |d 82313 | ||